[Event "IECG CP.2000.P.00061"]
[Site "IECG email"]
[Date "2000.10.01"]
[Round "?"]
[White "Kessel, Rolf"]
[Black "Crnic, Mirsad"]
[Result "1-0"]
[WhiteElo "1685"]
[BlackElo "1895"]
[PlyCount "43"]
[EventDate "2000.10.01"]
[EventType "tourn (corr)"]
[EventRounds "6"]
[EventCountry "NED"]
[SourceTitle "Corr 2008"]
[Source "ChessBase"]
[SourceDate "2008.06.24"]
[SourceVersion "1"]
[SourceVersionDate "2008.06.24"]
[SourceQuality "1"]

1. e4 c5 2. f4 e6 3. e5 d5 4. exd6 Bxd6 5. g3 Nf6 6. Nf3 Nc6 7. Bg2 e5 8. fxe5 Nxe5 9. 0-0 0-0 10. d3 Bg4 11. Nbd2 Re8 12. Kh1 Qc7 13. b3 Re7 14. Bb2 Rae8 15. Rf2 Bd7 16. Qf1 Neg4 17. Bxf6 gxf6 18. Ne4 f5 19. Nxd6 Nxf2+ 20. Qxf2 Qxd6 21. g4 fxg4 22. Ng5 1-0

[Event "IECG L1.2000.0.00009 email"]
[Site "IECG email"]
[Date "2000.01.30"]
[Round "?"]
[White "Crnic, Mirsad"]
[Black "Borst, John C"]
[Result "1/2-1/2"]
[WhiteElo "2078"]
[BlackElo "1932"]
[PlyCount "31"]
[EventDate "2000.01.30"]
[EventType "tourn (corr)"]
[EventRounds "14"]
[SourceTitle "Corr 2008"]
[Source "ChessBase"]
[SourceDate "2008.06.24"]
[SourceVersion "1"]
[SourceVersionDate "2008.06.24"]
[SourceQuality "1"]

1. e4 c5 2. Nf3 Nc6 3. d4 cxd4 4. Nxd4 Nf6 5. Nc3 e5 6. Nxc6 bxc6 7. Bc4 Bb4 8. Bg5 h6 9. Bd2 0-0 10. Qe2 d5 11. exd5 cxd5 12. Bb3 Re8 13. 0-0 Bb7 14. a3 Bxc3 15. Bxc3 Ne4 16. Rfd1 1/2-1/2

[Event "IECG C1.1999.0.00246"]
[Site "IECG email"]
[Date "1999.11.28"]
[Round "?"]
[White "Crnic, Mirsad"]
[Black "Ivanov, Hristo V"]
[Result "0-1"]
[WhiteElo "2087"]
[BlackElo "2099"]
[PlyCount "61"]
[EventDate "1999.11.28"]
[EventType "tourn (corr)"]
[EventRounds "5"]
[SourceTitle "Corr 2008"]
[Source "ChessBase"]
[SourceDate "2008.06.24"]
[SourceVersion "1"]
[SourceVersionDate "2008.06.24"]
[SourceQuality "1"]

1. e4 c5 2. Nf3 Nc6 3. d4 cxd4 4. Nxd4 Nf6 5. Nc3 e5 6. Ndb5 d6 7. Nd5 Nxd5 8. exd5 Nb8 9. c4 Be7 10. Be3 a6 11. Nc3 0-0 12. Bd3 Nd7 13. Qc2 g6 14. Qd2 f5 15. Bh6 Re8 16. 0-0 Bf6 17. Rfe1 e4 18. Be2 Ne5 19. Be3 Bd7 20. b3 Rc8 21. Rac1 g5 22. a3 Qe7 23. Bd4 Qg7 24. Bb6 Kh8 25. h3 Rg8 26. Be3 b5 27. Nb1 f4 28. Bd4 f3 29. Bf1 fxg2 30. Bxg2 Nd3 31. Bxf6 0-1

[Event "IECG CP.1999.P.00085"]
[Site "IECG email"]
[Date "1999.10.01"]
[Round "?"]
[White "Crnic, Mirsad"]
[Black "Torfs, Gert"]
[Result "1/2-1/2"]
[WhiteElo "2139"]
[BlackElo "1755"]
[PlyCount "43"]
[EventDate "1999.10.01"]
[EventType "tourn (corr)"]
[EventRounds "6"]
[EventCountry "CRO"]
[SourceTitle "Corr 2008"]
[Source "ChessBase"]
[SourceDate "2008.06.24"]
[SourceVersion "1"]
[SourceVersionDate "2008.06.24"]
[SourceQuality "1"]

1. e4 Nf6 2. e5 Nd5 3. d4 d6 4. c4 Nb6 5. exd6 exd6 6. Nf3 Bg4 7. h3 Bh5 8. Nc3 Nc6 9. Be3 Be7 10. b3 0-0 11. Be2 Bg6 12. 0-0 Re8 13. Qd2 Bf6 14. Rae1 Nb4 15. Rc1 c6 16. a3 Na6 17. Rfe1 Nc7 18. a4 d5 19. a5 Nc8 20. cxd5 Nxd5 21. Nxd5 cxd5 22. Bf4 1/2-1/2

[Event "IECG CP.1999.P.00085"]
[Site "IECG email"]
[Date "1999.10.01"]
[Round "?"]
[White "Vonk, Marcel"]
[Black "Crnic, Mirsad"]
[Result "0-1"]
[WhiteElo "800"]
[BlackElo "2139"]
[PlyCount "78"]
[EventDate "1999.10.01"]
[EventType "tourn (corr)"]
[EventRounds "6"]
[EventCountry "CRO"]
[SourceTitle "Corr 2008"]
[Source "ChessBase"]
[SourceDate "2008.06.24"]
[SourceVersion "1"]
[SourceVersionDate "2008.06.24"]
[SourceQuality "1"]

1. e4 c5 2. Nf3 Nc6 3. d4 cxd4 4. Nxd4 Nf6 5. Nc3 d6 6. Be2 g6 7. Be3 Bg7 8. 0-0 0-0 9. f4 a6 10. a4 Qc7 11. Rb1 Rd8 12. Bf3 Ne5 13. Nd5 Nxf3+ 14. Qxf3 Nxd5 15. exd5 Bxd4 16. Bxd4 Qxc2 17. b3 Qf5 18. Rbc1 b5 19. Rc7 Bd7 20. h3 h5 21. Kh1 bxa4 22. bxa4 Rdc8 23. g4 hxg4 24. hxg4 Qxg4 25. Qxg4 Bxg4 26. Rxe7 Rc4 27. Bf6 Rxa4 28. Rfe1 Rf8 29. f5 Ra2 30. fxg6 Bf3+ 31. Kg1 Rg2+ 32. Kf1 Rxg6 33. Bc3 Bxd5 34. Kf2 Rg2+ 35. Ke3 f5 36. Kf4 Rg4+ 37. Ke3 Rf7 38. Re8+ Kh7 39. Rh8+ Kg6 0-1

[Event "IECG CM.1999.0.00080"]
[Site "IECG email"]
[Date "1999.??.??"]
[Round "?"]
[White "Crnic, Mirsad"]
[Black "Baer, Werner"]
[Result "1/2-1/2"]
[WhiteElo "2322"]
[BlackElo "2280"]
[PlyCount "41"]
[EventDate "1999.05.24"]
[EventType "tourn (corr)"]
[EventRounds "6"]
[SourceTitle "Corr 2008"]
[Source "ChessBase"]
[SourceDate "2008.06.24"]
[SourceVersion "1"]
[SourceVersionDate "2008.06.24"]
[SourceQuality "1"]

1. d4 d5 2. Nf3 Nf6 3. Bf4 c6 4. Nbd2 Qb6 5. Nb3 a5 6. a4 Na6 7. e3 Bf5 8. c3 g6 9. Be2 Bg7 10. 0-0 Nh5 11. Bg3 Nxg3 12. hxg3 h6 13. Nh4 Bd7 14. Bxa6 Rxa6 15. Nc5 Ra8 16. Nxd7 Kxd7 17. Qc2 Rad8 18. Nf3 c5 19. Rad1 cxd4 20. exd4 e6 21. Rfe1 1/2-1/2

[Event "IECG CM.1999.0.00077"]
[Site "IECG email"]
[Date "1999.??.??"]
[Round "?"]
[White "Crnic, Mirsad"]
[Black "Halwick, Floyd J Jr"]
[Result "1/2-1/2"]
[WhiteElo "2322"]
[BlackElo "2340"]
[PlyCount "90"]
[EventDate "1999.04.23"]
[EventType "tourn (corr)"]
[EventRounds "6"]
[SourceTitle "Corr 2008"]
[Source "ChessBase"]
[SourceDate "2008.06.24"]
[SourceVersion "1"]
[SourceVersionDate "2008.06.24"]
[SourceQuality "1"]

1. d4 Nf6 2. Nc3 d5 3. Bg5 Nbd7 4. Nf3 h6 5. Bf4 c5 6. e3 a6 7. Be2 e6 8. 0-0 b6 9. a3 Bb7 10. Qd2 Be7 11. h3 0-0 12. Rad1 Rc8 13. Rfe1 b5 14. dxc5 Bxc5 15. b4 Bb6 16. Bd3 Re8 17. Ne5 Bc7 18. Nxd7 Qxd7 19. Bxc7 Qxc7 20. Ne2 e5 21. Bf5 Rcd8 22. Ng3 g6 23. Bd3 Ne4 24. Bxe4 dxe4 25. Qc1 f5 26. Qb2 Bc8 27. Nf1 Be6 28. Ng3 Bf7 29. Nf1 Rd6 30. Rxd6 Qxd6 31. Qc3 Re7 32. Re2 Qc7 33. Qb2 Rd7 34. Rd2 Bc4 35. Rxd7 Qxd7 36. Qc1 Kf7 37. Qd2 Qe7 38. Qc3 Qd6 39. Qd2 Ke7 40. Qxd6+ Kxd6 41. Nd2 Be2 42. f3 exf3 43. gxf3 Kd5 44. Kf2 Bd1 45. c3 Bc2 1/2-1/2

[Event "IECG CM.1999.0.00077"]
[Site "IECG email"]
[Date "1999.??.??"]
[Round "?"]
[White "Crnic, Mirsad"]
[Black "Hansen, Henning"]
[Result "1/2-1/2"]
[WhiteElo "2322"]
[BlackElo "2287"]
[PlyCount "47"]
[EventDate "1999.04.23"]
[EventType "tourn (corr)"]
[EventRounds "6"]
[SourceTitle "Corr 2008"]
[Source "ChessBase"]
[SourceDate "2008.06.24"]
[SourceVersion "1"]
[SourceVersionDate "2008.06.24"]
[SourceQuality "1"]

1. d4 Nf6 2. Nc3 d5 3. Bg5 Nbd7 4. Nf3 c6 5. e3 Qb6 6. Rb1 e6 7. Be2 Be7 8. 0-0 0-0 9. Qd2 Qc7 10. Bf4 Bd6 11. Bxd6 Qxd6 12. Rfe1 Re8 13. Rbd1 e5 14. dxe5 Nxe5 15. h3 b5 16. Nxe5 Qxe5 17. Bd3 a5 18. a3 Ra7 19. Ne2 Bd7 20. c3 c5 21. Ng3 Bc6 22. Bc2 a4 23. Re2 Rae7 24. Ree1 1/2-1/2

[Event "IECG CM.1999.0.00077"]
[Site "IECG email"]
[Date "1999.??.??"]
[Round "?"]
[White "Crnic, Mirsad"]
[Black "Heedt, Thorsten"]
[Result "1-0"]
[WhiteElo "2322"]
[BlackElo "2258"]
[PlyCount "61"]
[EventDate "1999.04.23"]
[EventType "tourn (corr)"]
[EventRounds "6"]
[SourceTitle "Corr 2008"]
[Source "ChessBase"]
[SourceDate "2008.06.24"]
[SourceVersion "1"]
[SourceVersionDate "2008.06.24"]
[SourceQuality "1"]

1. e4 c5 2. Nf3 e6 3. Nc3 Nc6 4. d4 cxd4 5. Nxd4 Qc7 6. Ndb5 Qb8 7. Bc4 Nf6 8. 0-0 a6 9. Nd4 Bd6 10. h3 Nxd4 11. Qxd4 Be5 12. Qd3 b5 13. Bb3 Bb7 14. Re1 Qc7 15. Bd2 Rd8 16. Rad1 0-0 17. a3 d5 18. exd5 Nxd5 19. Bxd5 Bxd5 20. Qe2 Bf6 21. Nxd5 Rxd5 22. c3 Rfd8 23. Be3 R8d7 24. Rxd5 Rxd5 25. Rd1 Qd7 26. Rxd5 Qxd5 27. Qd2 Qxd2 28. Bxd2 Kf8 29. Kf1 Ke7 30. Ke2 Kd6 31. Kd3 1-0

[Event "IECG LM.1999.0.00001 email"]
[Site "IECG email"]
[Date "1999.??.??"]
[Round "?"]
[White "Crnic, Mirsad"]
[Black "Noire, Eric"]
[Result "0-1"]
[WhiteElo "2322"]
[BlackElo "2194"]
[PlyCount "72"]
[EventDate "1999.07.02"]
[EventType "tourn (corr)"]
[EventRounds "14"]
[SourceTitle "Corr 2008"]
[Source "ChessBase"]
[SourceDate "2008.06.24"]
[SourceVersion "1"]
[SourceVersionDate "2008.06.24"]
[SourceQuality "1"]

1. e4 d5 2. exd5 Nf6 3. Bb5+ Bd7 4. Bc4 b5 5. Bb3 a5 6. a3 Bg4 7. f3 Bc8 8. Nc3 Ba6 9. d4 g6 10. Nge2 Bg7 11. Bg5 Nbd7 12. Qd2 0-0 13. 0-0 Nb6 14. Bxf6 exf6 15. Rfe1 f5 16. Rad1 Qd6 17. Qf4 Rfe8 18. Qxd6 cxd6 19. Kf2 Rac8 20. g3 Nc4 21. Bxc4 bxc4 22. Rb1 Rc7 23. a4 Rb7 24. h3 Rb4 25. Kf1 Reb8 26. Nd1 c3 27. Ndxc3 Rxd4 28. Nb5 Rc4 29. Rec1 Rxa4 30. Nxd6 Bf8 31. b3 Rab4 32. Nxf5 gxf5 33. Ra1 Re8 34. Re1 a4 35. bxa4 Rb2 36. Rac1 Bb4 0-1

[Event "IECG CM.1999.0.00085"]
[Site "IECG email"]
[Date "1999.??.??"]
[Round "?"]
[White "Crnic, Mirsad"]
[Black "Richard, Phil"]
[Result "0-1"]
[WhiteElo "2322"]
[BlackElo "2150"]
[PlyCount "74"]
[EventDate "1999.08.10"]
[EventType "tourn (corr)"]
[EventRounds "6"]
[SourceTitle "Corr 2008"]
[Source "ChessBase"]
[SourceDate "2008.06.24"]
[SourceVersion "1"]
[SourceVersionDate "2008.06.24"]
[SourceQuality "1"]

1. e4 c5 2. Nf3 d6 3. d4 cxd4 4. Nxd4 Nf6 5. Nc3 a6 6. Be2 e5 7. Nb3 Be7 8. Be3 0-0 9. Qd3 Be6 10. Rd1 b5 11. Bg5 Nbd7 12. 0-0 Qc7 13. a3 h6 14. Bh4 Rfc8 15. f3 Bc4 16. Qd2 Nxe4 17. fxe4 Bxh4 18. Qxd6 Qa7+ 19. Kh1 Bxe2 20. Nxe2 Rxc2 21. Rd2 Rxd2 22. Nxd2 Nc5 23. Qc6 Nd3 24. g3 Rd8 25. Nf3 Be7 26. Nc3 Bc5 27. Nd5 Qd7 28. Qxd7 Rxd7 29. b4 Nf2+ 30. Kg2 Nxe4 31. bxc5 Rxd5 32. c6 Rc5 33. Re1 f5 34. g4 fxg4 35. Nxe5 Rxe5 36. c7 Rc5 37. Rxe4 Rxc7 0-1

[Event "IECG LM.1999.0.00001 email"]
[Site "IECG email"]
[Date "1999.??.??"]
[Round "?"]
[White "Hage, Henk H"]
[Black "Crnic, Mirsad"]
[Result "1-0"]
[WhiteElo "2217"]
[BlackElo "2322"]
[PlyCount "97"]
[EventDate "1999.07.02"]
[EventType "tourn (corr)"]
[EventRounds "14"]
[SourceTitle "Corr 2008"]
[Source "ChessBase"]
[SourceDate "2008.06.24"]
[SourceVersion "1"]
[SourceVersionDate "2008.06.24"]
[SourceQuality "1"]

1. e4 e5 2. Nf3 Nf6 3. Nxe5 d6 4. Nf3 Nxe4 5. Qe2 Qe7 6. d3 Nf6 7. Bg5 Qxe2+ 8. Bxe2 Be7 9. Nc3 0-0 10. 0-0-0 Be6 11. d4 Re8 12. d5 Bd7 13. Rhe1 Ng4 14. Bxe7 Rxe7 15. Bc4 Rxe1 16. Rxe1 a6 17. Ne4 f6 18. Nd4 Ne5 19. Be2 Kf8 20. g3 h6 21. f4 Ng6 22. Nc3 Ra7 23. Bf3 b6 24. Ne6+ Bxe6 25. dxe6 Ne7 26. g4 Nbc6 27. Bxc6 Nxc6 28. Nd5 Ne7 29. Nxe7 Kxe7 30. f5 Ra8 31. h4 d5 32. c3 Rg8 33. h5 Rd8 34. Kc2 Rd6 35. b4 Rd8 36. a4 Rd6 37. b5 Rd8 38. Rd1 axb5 39. axb5 Rd6 40. Kd3 Rd8 41. Ke3 Rd6 42. Rd4 Rd8 43. c4 dxc4 44. Rxc4 Rc8 45. Rd4 c6 46. Rd7+ Kf8 47. bxc6 Rxc6 48. Rd8+ Ke7 49. Rg8 1-0

[Event "IECG LM.1999.0.00001 email"]
[Site "IECG email"]
[Date "1999.??.??"]
[Round "?"]
[White "Horak, Jiri"]
[Black "Crnic, Mirsad"]
[Result "1-0"]
[WhiteElo "2270"]
[BlackElo "2322"]
[PlyCount "101"]
[EventDate "1999.07.02"]
[EventType "tourn (corr)"]
[EventRounds "14"]
[SourceTitle "Corr 2008"]
[Source "ChessBase"]
[SourceDate "2008.06.24"]
[SourceVersion "1"]
[SourceVersionDate "2008.06.24"]
[SourceQuality "1"]

1. e4 c5 2. Nf3 Nc6 3. d4 cxd4 4. Nxd4 Qa5+ 5. Nc3 Nxd4 6. Qxd4 e5 7. Qc4 Nf6 8. Bd2 Qb6 9. 0-0-0 a6 10. Bg5 Qxf2 11. Qc7 Be7 12. Qxe5 h6 13. Nd5 Nxd5 14. exd5 f6 15. Qe4 hxg5 16. d6 Qf4+ 17. Qxf4 gxf4 18. Re1 Kf8 19. Rxe7 b5 20. a4 Rh6 21. h4 f5 22. Re5 Rxd6 23. Rxf5+ Rf6 24. Rxf6+ gxf6 25. h5 Bb7 26. Rh4 Bc6 27. axb5 axb5 28. Rxf4 Kg7 29. g4 Re8 30. Kd2 Ra8 31. Bd3 Re8 32. Kc3 Ra8 33. Rf5 Rb8 34. Kb4 Re8 35. Bxb5 Re4+ 36. c4 Rxg4 37. Bxc6 dxc6 38. h6+ Kg6 39. Rh5 Rg5 40. Rh4 Kh7 41. Ka4 f5 42. b4 Rg4 43. Rh5 Rxc4 44. Rxf5 Rc2 45. Rc5 Ra2+ 46. Kb3 Ra6 47. Ra5 Rb6 48. Kc4 Kxh6 49. Kc5 Rb7 50. Ra4 Kg7 51. Kxc6 1-0

[Event "IECG LM.1999.0.00001 email"]
[Site "IECG email"]
[Date "1999.??.??"]
[Round "?"]
[White "Kharitonov, Aleksandr Alekseevi"]
[Black "Crnic, Mirsad"]
[Result "1-0"]
[WhiteElo "2145"]
[BlackElo "2322"]
[PlyCount "81"]
[EventDate "1999.07.02"]
[EventType "tourn (corr)"]
[EventRounds "14"]
[SourceTitle "Corr 2008"]
[Source "ChessBase"]
[SourceDate "2008.06.24"]
[SourceVersion "1"]
[SourceVersionDate "2008.06.24"]
[SourceQuality "1"]

1. e4 e5 2. Nf3 Nc6 3. Bb5 Nf6 4. 0-0 Bc5 5. Nxe5 Nxe5 6. d4 Be7 7. dxe5 Nxe4 8. Qg4 Ng5 9. Nc3 c6 10. Bxg5 Bxg5 11. Ne4 cxb5 12. Nxg5 0-0 13. Qg3 Qb6 14. Qd3 Qg6 15. Qxg6 hxg6 16. Rad1 f6 17. Ne4 Re8 18. Rd5 d6 19. Nxd6 Rxe5 20. Rxe5 fxe5 21. Re1 Bd7 22. Rxe5 Bc6 23. Nxb5 Rd8 24. h3 Rd1+ 25. Kh2 Rd2 26. Nxa7 Rxc2 27. Nxc6 bxc6 28. Re8+ Kf7 29. Rb8 Rxf2 30. a4 Ke6 31. Rb7 c5 32. a5 Kd6 33. a6 Kc6 34. Kg3 Rd2 35. h4 c4 36. Kf3 g5 37. h5 c3 38. bxc3 Rd3+ 39. Ke4 Rxc3 40. Rxg7 Ra3 41. a7 1-0

[Event "IECG CM.1999.0.00074"]
[Site "IECG email"]
[Date "1999.??.??"]
[Round "?"]
[White "Koch, Christian"]
[Black "Crnic, Mirsad"]
[Result "1-0"]
[WhiteElo "2404"]
[BlackElo "2322"]
[PlyCount "149"]
[EventDate "1999.04.08"]
[EventType "tourn (corr)"]
[EventRounds "6"]
[SourceTitle "Corr 2008"]
[Source "ChessBase"]
[SourceDate "2008.06.24"]
[SourceVersion "1"]
[SourceVersionDate "2008.06.24"]
[SourceQuality "1"]

1. e4 e5 2. Nf3 Nc6 3. Bb5 Bc5 4. c3 Nf6 5. d4 exd4 6. e5 Nd5 7. 0-0 a6 8. Ba4 Be7 9. cxd4 d6 10. Qb3 Nb6 11. d5 Nxa4 12. Qxa4 b5 13. Qe4 Nb8 14. Bg5 h6 15. Bxe7 Qxe7 16. Nbd2 0-0 17. Rac1 Bb7 18. Rfd1 dxe5 19. Nb3 Qd6 20. Nc5 Ra7 21. Qe3 Qb6 22. Qxe5 Bc8 23. Nd4 Nd7 24. Nxd7 Bxd7 25. Qe7 Qd6 26. Qxd6 cxd6 27. Re1 g6 28. f4 Kg7 29. Kf2 Kf6 30. h3 h5 31. Nc6 Rb7 32. Na5 Ra7 33. b4 Rc8 34. Rxc8 Bxc8 35. Rc1 Bd7 36. Kg3 Ke7 37. Kf3 Kf6 38. g4 hxg4+ 39. hxg4 Kg7 40. Rc3 f6 41. Nb3 Kf7 42. Nd4 a5 43. Ra3 a4 44. Rc3 Rb7 45. a3 Ke7 46. f5 gxf5 47. gxf5 Kf7 48. Ke4 Rb8 49. Rc7 Ke8 50. Kd3 Kd8 51. Ra7 Rc8 52. Rb7 Rc1 53. Nxb5 Bxf5+ 54. Kd2 Rc2+ 55. Ke3 Bd7 56. Nxd6 Rc3+ 57. Kd4 Rxa3 58. Ne4 Rf3 59. Nc5 Bc8 60. Rf7 Rf4+ 61. Kc3 Ke8 62. Rg7 Rg4 63. Rxg4 Bxg4 64. Nxa4 Kd7 65. Kd4 Kd6 66. b5 Bd7 67. Nc3 Kc7 68. Kc5 f5 69. d6+ Kd8 70. Nd5 Bc8 71. Nf4 Bd7 72. Nh5 Kc8 73. Nf6 Be6 74. b6 Kb7 75. d7 1-0

[Event "IECG CM.1999.0.00085"]
[Site "IECG email"]
[Date "1999.??.??"]
[Round "?"]
[White "Noomen, Jeroen"]
[Black "Crnic, Mirsad"]
[Result "1-0"]
[WhiteElo "2494"]
[BlackElo "2322"]
[PlyCount "47"]
[EventDate "1999.08.10"]
[EventType "tourn (corr)"]
[EventRounds "6"]
[SourceTitle "Corr 2008"]
[Source "ChessBase"]
[SourceDate "2008.06.24"]
[SourceVersion "1"]
[SourceVersionDate "2008.06.24"]
[SourceQuality "1"]

1. e4 e5 2. Nf3 Nc6 3. Bb5 Nf6 4. 0-0 Bc5 5. c3 Bb6 6. d4 exd4 7. e5 Nd5 8. cxd4 Nce7 9. Nc3 Nxc3 10. bxc3 c6 11. Bc4 0-0 12. Ba3 Bc7 13. Ng5 h6 14. Ne4 b5 15. Bb3 a5 16. Bc5 a4 17. Bc2 Re8 18. Qd3 Ng6 19. f4 Qh4 20. g3 Qd8 21. f5 Nxe5 22. dxe5 Rxe5 23. f6 g6 24. Be7 1-0

[Event "IECG CM.1999.0.00085"]
[Site "IECG email"]
[Date "1999.??.??"]
[Round "?"]
[White "Turcan, Milan"]
[Black "Crnic, Mirsad"]
[Result "1-0"]
[WhiteElo "2202"]
[BlackElo "2322"]
[PlyCount "91"]
[EventDate "1999.08.10"]
[EventType "tourn (corr)"]
[EventRounds "6"]
[SourceTitle "Corr 2008"]
[Source "ChessBase"]
[SourceDate "2008.06.24"]
[SourceVersion "1"]
[SourceVersionDate "2008.06.24"]
[SourceQuality "1"]

1. e4 c5 2. Nf3 Nc6 3. Bb5 a6 4. Bxc6 bxc6 5. 0-0 d5 6. d3 Bg4 7. h3 Bh5 8. Nbd2 e6 9. b3 Nf6 10. Bb2 Be7 11. g4 Bg6 12. Ne5 Qb6 13. f4 h6 14. Nxg6 fxg6 15. exd5 cxd5 16. Qe2 Rc8 17. c4 0-0 18. Rae1 Rc6 19. Nf3 dxc4 20. dxc4 Nd7 21. Qd3 Bf6 22. Bxf6 Rd6 23. Qxg6 Rxf6 24. Qe4 Rf8 25. Rd1 Rd8 26. Rxd6 Qxd6 27. Re1 Nf8 28. Kg2 Qc7 29. Re2 Rd1 30. Rf2 Rd6 31. Ne5 Nd7 32. Ng6 Qd8 33. Re2 Nf8 34. Ne5 Rd2 35. Kf1 Rd1+ 36. Kf2 Qf6 37. Kg3 Qd8 38. Rf2 Rd2 39. Qe3 Rd4 40. Nf3 Rd3 41. Rd2 Rxd2 42. Qxd2 Qc7 43. h4 Nd7 44. h5 Kf8 45. Qd3 Kg8 46. Qe4 1-0

[Event "Royal op qual email"]
[Site "corr"]
[Date "1998.??.??"]
[Round "?"]
[White "Crnic, Mirsad"]
[Black "Dempster, Dave"]
[Result "1-0"]
[WhiteElo "2320"]
[BlackElo "2210"]
[PlyCount "73"]
[EventDate "1998.??.??"]
[EventType "tourn (corr)"]
[EventRounds "9"]
[SourceTitle "E-Mail 2000"]
[Source "ChessBase"]
[SourceDate "2000.04.19"]
[SourceVersion "1"]
[SourceVersionDate "2000.04.19"]
[SourceQuality "1"]

1. e4 d5 2. exd5 Nf6 3. d4 Bg4 4. f3 Bf5 5. c4 e6 6. dxe6 Nc6 7. Be3 Bb4+ 8. Nc3 Qe7 9. Bd3 Bxe6 10. Qe2 0-0-0 11. d5 Bxc3+ 12. bxc3 Bxd5 13. cxd5 Nxd5 14. Bd2 Qf6 15. Kf2 Rhe8 16. Be4 Nxc3 17. Bxc3 Qxc3 18. Rd1 Qc5+ 19. Kf1 Rxd1+ 20. Qxd1 Rd8 21. Qe1 Qc4+ 22. Ne2 Nd4 23. Qd2 Rd6 24. Qd3 Qxa2 25. Nxd4 Qa1+ 26. Kf2 Qxh1 27. Qb5 Kd8 28. Qg5+ Kc8 29. Qf5+ Rd7 30. Bxb7+ Kxb7 31. Qb5+ Ka8 32. Qxd7 Kb7 33. Qd5+ Kc8 34. Nc6 a6 35. Ne7+ Kb8 36. Qb3+ Ka8 37. Nc6 1-0